Toutes les saveurs de chips Brets - Statistiques

Statistiques générales
  • Ce quiz a été pris 47 fois
  • Le résultat moyen est 10 sur 46
Statistiques - réponses
Saveurs % Correct
Poulet braisé
67%
Fromage du Jura
60%
Pesto mozzarella
53%
Miel moutarde
49%
Chèvre piment d'Espelette
47%
Pastis
47%
Yakitori
44%
Cêpes
35%
Pili pili
35%
Carbonara
33%
Sauce curry
33%
Tartiflette
33%
Aligot
30%
Camembert
28%
Pizza au feu de bois
28%
Sel et vinaigre
26%
Bleu d'Auvergne
23%
Kebab
23%
Aïoli
21%
Sauce pomme frites
21%
Bacon grillé
19%
Bretonne
16%
Carbonade flamande
16%
Cheddar jalapenos
14%
Sauce barbecue
14%
Bleu pancetta
12%
Falafels à la libanaise
12%
Petits oignons
12%
Beurre persillé
9%
Cheddar bière
9%
Cheddar oignons de Roscoff
9%
Chili pointe de menthe
9%
Côte de boeuf grillée
9%
Fromage frais et fines herbes
9%
Poivrons grillés chorizo
9%
Brebis cerise noire
7%
Moutarde au piment de Cayenne
7%
Tomates séchées et vinaigre balsamique
7%
BBQ à la mexicaine
5%
BBQ flambé au Whisky
5%
BBQ sauce BBQ
5%
Brie et truffe
5%
Camembert et truffe
5%
Tajine de poulet aux épices
5%
BBQ et jalapenos
2%
Confits d'oignons et vinaigre balsamique
2%
Aucun quiz correspondant
Distribution des résultats
% des personnes avec chaque résultat
Percentile par nombre de réponses
Votre historique - résultats
Vous n’avez pas pris ce quiz